| 000 | nam a22 7a 4500 | ||
|---|---|---|---|
| 999 |
_c29304 _d29304 |
||
| 008 | 171125b xxu||||| |||| 00| 0 eng d | ||
| 020 | _a9780335216666 | ||
| 050 | _aLB 2341 .S53 2006 | ||
| 100 |
_aShattock, Michael. _d2006. |
||
| 245 |
_aManaging Good Governance In Higher Education / _cMichael , Shattock. |
||
| 250 | _a1st ed. | ||
| 260 |
_aUK: _bMcGraw-Hill, _c2006. |
||
| 300 |
_axiii,179p. _bincludes bibliographical refernces and index. _c33cm |
||
| 650 | _aEducation | ||
| 942 |
_2lcc _cBOOKS _hLB 2341 .S53 2006. |
||